pays d'Europe (A-Z) - 2024 - Statistiques

Statistiques générales
  • Ce quiz a été pris 433 fois
    226 depuis la dernière actualisation
  • Le résultat moyen est 41 sur 48
Statistiques - réponses
capital pays % Correct
Berlin Allemagne
100%
Londres Angleterre
99%
Bruxelles Belgique
99%
Andorre la Vielle Andorre
97%
Madrid Espagne
97%
Paris France
97%
Athènes Grèce
96%
Rome Italie
96%
Vienne Autriche
95%
Dublin Irlande
94%
Luxembourg Luxembourg
94%
Moscou Russie
94%
Copenhague Danemark
93%
Monaco Monaco
93%
Lisbonne Portugal
93%
Helsinki Finlande
92%
Amsterdam Pays bas
92%
Vatican Vatican
92%
Zagreb Croatie
91%
Oslo Norvège
91%
Budapest Hongrie
90%
Kiev Ukraine
90%
Tirana Albanie
89%
Saint Marin Saint Marin
88%
Stockholm Suède
88%
Minsk Biélorussie
86%
Sofia Bulgarie
86%
Reykjavik Islande
86%
Varsovie Pologne
86%
Tallinn Estonie
85%
Berne Suisse
85%
Bucarest Roumanie
84%
Édimbourg Ecosse
81%
La Valette Malte
81%
Riga Lettonie
79%
Vilnius Lituanie
79%
Prague Tchéquie
79%
Sarajevo Bosnie Herzégovine
78%
Bratislava Slovaquie
77%
Belgrade Serbie
76%
Ljubljana Slovénie
76%
Cardiff Pays de Galles
72%
Belfast Irlande du nord
69%
Vaduz Liechtenstein
67%
Skopje Macédoine du nord
67%
Pristina Kosovo
66%
Chișinău Moldavie
65%
Podgorica Monténégro
63%
Aucun quiz correspondant
Distribution des résultats
% des personnes avec chaque résultat
Percentile par nombre de réponses
Votre historique - résultats
Vous n’avez pas pris ce quiz depuis la dernière actualisation